000 00609nam a2200229Ia 4500
003 OSt
005 20221007080102.0
006 a|||||r|||| 00| 0
007 ta
008 221006b |||||||| |||| 00| 0 eng d
024 _a25,369
037 _cTextual
040 _aFLL
_cFLL
_beng
041 _2eng
_aeng
082 _aY:45:62.2.N7, N8
100 _aBedi Kiran
245 0 _aIt's always possible
260 _aNew Delhi
_bSterling Publishers Pvt. Ltd. India
_c1998
300 _axvi,1-400p
_ccm.
942 _hY:45:62.2.N7, N8
_cTEXL
_2CC
999 _c1158321
_d1158321